KPOP YG ENT LOGIC QUIZ Stats

Quiz not verified by Sporcle

Challenge
Share
Tweet
Score 0/24 Timer 10:00
0 Plays Today
box square % Correct
A1



[JINUSEAN] Team A is in B1 and Team B is in B3
100%
B3



[IKON] He (D2) made the horse dance famous
88.5%
B1



[WINNER] Column A has only duos
88.5%
D2



[PSY] Column D has only solo artists, D4 is a 'seoulite'
83.1%
D4



[LEE HI] I had a xmas single for A6
74.7%
A2



[AKMU] A5 are 'good boys'
66.8%
A5



[GD & Taeyang] D5 debuted himself before he also debuted with B1
58%
B2



[BIG BANG] Only former YG artists are in Column C, B5 was from Woolim
54.2%
A3



[GD &TOP] C1 stared in GOONG S
50.5%
D5



[KANG SEUNGYOON] C2's real name is Choi Hwee Sung
48.9%
B4



[2NE1] D4 and a member from A2 create this subunit A4 who are 'different'
47.8%
A6



[BOM & HI] Row 4 are all females, B2 are 'bad boys'
47.2%
box square % Correct
A4



[HI SUHYUN] D3 used to be from Amoeba Cultures
46.7%
B5



[EPIK HIGH] C3 told others to 'Come here' feat a member from B3
41.2%
C2



[WHEESUNG] 'Zutter'A3, 'Nolza' C5, and '200%' A2
39.5%
C1



[SE7EN] D6 real name is Jung Jaewon
36.2%
C4



[GUMMY] Producer Teddy used to be from B6
34.6%
D6



[ONE] C6 was a female group from M BOAT
33.9%
D3



[ZION T] Dara & TOP acted in a mv for C4
33.8%
C3



[MASTA WU] B4 is a four member group
32.8%
B6



[1TYM] D6 used to be in a duo and is known for SMTM4
32.3%
C6



[BIG MAMA] C1, C2, C4, and C5 debuted in 2003
22.8%
C5



[LEXY] D1 is the winner of Kpop Star 4
20.7%
D1



[KATIE KIM]B4, B6, C1,D5 are associated with numerals
20.5%

You're not logged in!

Compare scores with friends on all Sporcle quizzes.
Sign Up with Email
OR
Log In

You Might Also Like...

Show Comments

Extras

Top Quizzes Today


Score Distribution

Your Account Isn't Verified!

In order to create a playlist on Sporcle, you need to verify the email address you used during registration. Go to your Sporcle Settings to finish the process.